000 00277nam a2200145Ia 4500
100 _aVenkateshan/S.P
250 _a2
942 _cBK
366 _f10
245 _aMechanical Measurement
260 _bAne Books
_c2016
300 _a522
546 _aENGLISH
999 _c21339
_d21339